Movies Quiz

Random Movies or Actress Quiz

Do You Know That Movie Title? (Clickable) Quiz Stats

 Plays Quiz not verified by Sporcle

Support Sporcle.
Go Orange.
Score 0/21 Timer 04:00
0 Plays Today
% Correct
Thou?
96.3%
My Car?
95.2%
There Yet?
94.9%
Dance?
94.5%
That Could Happen?
94.2%
Gilbert Grape?
92%
Sex?
91.1%
Doc?
88.6%
Virginia Woolf?
87.8%
Horses, Don't They?
87%
Know!?
84.2%
% Correct
Eat?
82%
Baby Jane?
72.6%
The Morgans?
67.7%
That Girl?
67%
Bob?
66.5%
Me?
57%
The Great Chefs of Europe?
50.2%
the Mint?
45.7%
Jack?
34.6%
Helen?
27%

You're not logged in!

Compare scores with friends on all Sporcle quizzes.
OR
Log In

From the Vault

Who's That With Eddie Murphy?

by aglick

What happens when he's standing in front of a mirror?
Remove Ads.
Support Sporcle.
Get the best of Sporcle when you Go Orange. This ad-free experience offers more features, more stats, and more fun while also helping to support Sporcle. Thank you for becoming a member.

Show Comments

Extras

Top Quizzes Today


Score Distribution

Your Account Isn't Verified!

In order to create a playlist on Sporcle, you need to verify the email address you used during registration. Go to your Sporcle Settings to finish the process.

Report this User

Report this user for behavior that violates our Community Guidelines.

Details: